| 000 | 00387pam a2200145 a 4500 | ||
|---|---|---|---|
| 020 |
_a9739386107060 _c |
||
| 041 | _aeng | ||
| 082 |
_a612 _bCHA |
||
| 100 | _aCHANGELA P. K . . | ||
| 245 |
_aROLE OF PHYSIOTHERAPIST IN OBSTERIC AND GYNECOLOGY CONDITIONS _hTextual Documents |
||
| 260 |
_bJAYPEE BROTHERS MEDICAL PUB. _c2016 |
||
| 300 |
_a365 : _bXIV. |
||
| 930 | _a7409 | ||
| 999 |
_c801936 _d801936 |
||
| 650 | _aORTHO | ||